Российское образование и наука: новое законодательство - новые проблемы и задачи (Запись № 9670504)

Подробности
000 -МАРКЕР
контрольное поле 02732nam0a2200385 i 4500
001 - ИДЕНТИФИКАТОР ЗАПИСИ
контрольное поле RU\NLR\BIBL_A\010687677
005 - ИДЕНТИФИКАТОР ВЕРСИИ
контрольное поле 20260408083424.0
010 ## - МЕЖДУНАРОДНЫЙ СТАНДАРТНЫЙ НОМЕР КНИГИ (ISBN)
Номер (ISBN) 9785913671028
Тираж 1000
021 ## - НОМЕР ГОСУДАРСТВЕННОЙ РЕГИСТРАЦИИ
Код страны российская федерация
Номер 2014-100022
Номер Листа государственной регистраци 6067
035 ## - ДРУГИЕ СИСТЕМНЫЕ НОМЕРА
Идентификатор записи (NILC)RuMoRGB-007848789
035 ## - ДРУГИЕ СИСТЕМНЫЕ НОМЕРА
Идентификатор записи (NLR Aleph) 010687677
100 ## - ДАННЫЕ ОБЩЕЙ ОБРАБОТКИ
Данные общей обработки 20150302d2014 u y0rusy50 ca
101 0# - ЯЗЫК РЕСУРСА
Язык текста, звукозаписи и т.д. русский
102 ## - СТРАНА ПУБЛИКАЦИИ ИЛИ ПРОИЗВОДСТВА
Страна публикации российская федерация
105 ## - ПОЛЕ КОДИРОВАННЫХ ДАННЫХ: ТЕКСТОВЫЕ МАТЕРИАЛЫ, МОНОГРАФИЧЕСКИЕ
Кодированные данные о монографическом текстовом документе y|||z|||1||y|
200 1# - ЗАГЛАВИЕ И СВЕДЕНИЯ ОБ ОТВЕТСТВЕННОСТИ
Основное заглавие Российское образование и наука: новое законодательство - новые проблемы и задачи
Сведения, относящиеся к заглавию [сборник материалов Всероссийской научно-практической конференции, 29 ноября 2013 г., г. Москва
Первые сведения об ответственности под общ. ред. О.Н. Смолина]
210 ## - ПУБЛИКАЦИЯ, РАСПРОСТРАНЕНИЕ И ДР.
Место издания, распространения и т.д. Москва
Имя издателя, распространителя и т. д. Гуманитарий
Дата издания, распространения и т.д. 2014
215 ## - ФИЗИЧЕСКАЯ ХАРАКТЕРИСТИКА
Специфическое обозначение материала и объем 290 с.
Другие сведения о физической характеристике табл.
Размеры 22
300 ## - ОБЩИЕ ПРИМЕЧАНИЯ
Текст примечания В надзаг.: Общерос. обществ. движение "Образование - для всех"
320 ## - ПРИМЕЧАНИЯ О НАЛИЧИИ В ДОКУМЕНТЕ БИБЛИОГРАФИИ / УКАЗАТЕЛЯ
Текст примечания Библиогр. в подстроч. примеч.
327 1# - ПРИМЕЧАНИЯ О СОДЕРЖАНИИ
Текст примечания В кн. также: Академия и власть: предварительные итоги лета-2013 года (выступления участников круглого стола на заседании Никитского клуба, 5 сент. 2013 г.
601 02 - НАИМЕНОВАНИЕ ОРГАНИЗАЦИИ КАК ПРЕДМЕТ
Начальный элемент ввода Российская академия наук
Формальный подзаголовок Сборники
Тематический подзаголовок Реформирование
Системный номер авторитетной/нормативной записи 2168961
Идентификатор авторитетной/нормативной записи RU\NLR\AUTH\6601541497
606 ## - НАИМЕНОВАНИЕ ТЕМЫ КАК ПРЕДМЕТ
Наименование темы Образование
Формальный подзаголовок Сборники
Географический подзаголовок Российская Федерация
Системный номер авторитетной/нормативной записи 2296847
Идентификатор авторитетной/нормативной записи RU\NLR\AUTH\661375304
686 1# - ИНДЕКСЫ ДРУГИХ КЛАССИФИКАЦИЙ
Индекс Ч34(2Р)я43
686 1# - ИНДЕКСЫ ДРУГИХ КЛАССИФИКАЦИЙ
Индекс Ч214(2Р)я43
702 #1 - ИМЯ ЛИЦА - ВТОРИЧНАЯ ОТВЕТСТВЕННОСТЬ
Начальный элемент ввода Смолин
Часть имени, кроме начального элемента ввода О. Н.
Расширение инициалов личного имени Олег Николаевич
Код отношения Редактор
711 12 - НАИМЕНОВАНИЕ ОРГАНИЗАЦИИ - АЛЬТЕРНАТИВНАЯ ОТВЕТСТВЕННОСТЬ
Начальный элемент ввода "Российское образование и наука: новое законодательство - новые проблемы и задачи", всероссийская научно-практическая конференция
Место проведения временной организации Москва
Дата проведения временной организации 2013
Системный номер авторитетной/нормативной записи 451139
Идентификатор авторитетной/нормативной записи RU\NLR\AUTH\880392635
711 12 - НАИМЕНОВАНИЕ ОРГАНИЗАЦИИ - АЛЬТЕРНАТИВНАЯ ОТВЕТСТВЕННОСТЬ
Начальный элемент ввода "Академия и власть: предварительные итоги лета-2013", круглый стол
Место проведения временной организации Москва
Дата проведения временной организации 2013
Системный номер авторитетной/нормативной записи 451178
Идентификатор авторитетной/нормативной записи RU\NLR\AUTH\880392650
712 02 - НАИМЕНОВАНИЕ ОРГАНИЗАЦИИ - ВТОРИЧНАЯ ОТВЕТСТВЕННОСТЬ
Код отношения Прочие
Начальный элемент ввода "Образование для всех", товарищество
Идентифицирующий признак Москва
Идентификатор авторитетной/нормативной записи RU\NLR\AUTH\8810224537
Системный номер авторитетной/нормативной записи 333743
801 #0 - ИСТОЧНИК ЗАПИСИ
Страна российская федерация
Организация РГБ
Дата составления 20150115
Правила каталогизации RCR
942 ## - ДОПОЛНИТЕЛЬНЫЕ ЭЛЕМЕНТЫ ЗАПИСИ (АБИС)
Тип экземпляра АБИС Книга
980 ## - КОЛЛЕКЦИЯ
Название коллекции НБР

Нет доступных экземпляров.